Сенаторы России. 2000 год (Запись № 637221)

Подробности
000 -МАРКЕР
контрольное поле 01263nam0a2200313 4500
001 - ИДЕНТИФИКАТОР ЗАПИСИ
контрольное поле RU\NLR\bibl\114666
005 - ИДЕНТИФИКАТОР ВЕРСИИ
контрольное поле 20250617093830.0
010 ## - МЕЖДУНАРОДНЫЙ СТАНДАРТНЫЙ НОМЕР КНИГИ (ISBN)
Номер (ISBN) 5-89690-007-4
Тираж 10000
021 ## - НОМЕР ГОСУДАРСТВЕННОЙ РЕГИСТРАЦИИ
Код страны российская федерация
Номер 2000-25282
Номер Листа государственной регистраци 1198
035 ## - ДРУГИЕ СИСТЕМНЫЕ НОМЕРА
Идентификатор записи (NLR Aleph) 000112272
100 ## - ДАННЫЕ ОБЩЕЙ ОБРАБОТКИ
Данные общей обработки 20001025d2000 |||y0rusy50 ca
101 0# - ЯЗЫК РЕСУРСА
Язык текста, звукозаписи и т.д. русский
102 ## - СТРАНА ПУБЛИКАЦИИ ИЛИ ПРОИЗВОДСТВА
Страна публикации российская федерация
105 ## - ПОЛЕ КОДИРОВАННЫХ ДАННЫХ: ТЕКСТОВЫЕ МАТЕРИАЛЫ, МОНОГРАФИЧЕСКИЕ
Кодированные данные о монографическом текстовом документе a |||||||||
200 1# - ЗАГЛАВИЕ И СВЕДЕНИЯ ОБ ОТВЕТСТВЕННОСТИ
Основное заглавие Сенаторы России. 2000 год
210 ## - ПУБЛИКАЦИЯ, РАСПРОСТРАНЕНИЕ И ДР.
Место издания, распространения и т.д. М.
Имя издателя, распространителя и т. д. Человек & Карьера
Дата издания, распространения и т.д. 2000
215 ## - ФИЗИЧЕСКАЯ ХАРАКТЕРИСТИКА
Специфическое обозначение материала и объем 189,[1] с.
Другие сведения о физической характеристике портр.
Размеры 22
225 1# - СЕРИЯ
Основное заглавие серии Россия на рубеже XXI века
601 11 - НАИМЕНОВАНИЕ ОРГАНИЗАЦИИ КАК ПРЕДМЕТ
Начальный элемент ввода Российская Федерация
Структурное подразделение организации Федеральное собрание
Формальный подзаголовок Биографии
Тематический подзаголовок Совет Федерации
Системный номер авторитетной/нормативной записи 1538679
Идентификатор авторитетной/нормативной записи RU\NLR\auth\66971936
601 01 - НАИМЕНОВАНИЕ ОРГАНИЗАЦИИ КАК ПРЕДМЕТ
Начальный элемент ввода Российская Федерация
Структурное подразделение организации Совет Федерации
Формальный подзаголовок Биографии
Системный номер авторитетной/нормативной записи 2092577
Идентификатор авторитетной/нормативной записи RU\NLR\auth\661266443
606 0# - НАИМЕНОВАНИЕ ТЕМЫ КАК ПРЕДМЕТ
Наименование темы Государственные и политические деятели
Географический подзаголовок Российская Федерация
Системный номер авторитетной/нормативной записи 1576317
Идентификатор авторитетной/нормативной записи RU\NLR\auth\66990609
686 ## - ИНДЕКСЫ ДРУГИХ КЛАССИФИКАЦИЙ
Индекс Т3(2)74-8
686 ## - ИНДЕКСЫ ДРУГИХ КЛАССИФИКАЦИЙ
Индекс Х620.611.32Р
801 #0 - ИСТОЧНИК ЗАПИСИ
Страна российская федерация
Организация NLR
Дата составления 20001025
Правила каталогизации PSBO
801 #1 - ИСТОЧНИК ЗАПИСИ
Страна российская федерация
Организация NLR
Дата составления 20001025
852 ## - МЕСТОНАХОЖДЕНИЕ И ШИФР ХРАНЕНИЯ
Идентификатор организации NLR
Шифр хранения (Call Number) С К-2/8457
942 ## - ДОПОЛНИТЕЛЬНЫЕ ЭЛЕМЕНТЫ ЗАПИСИ (АБИС)
Тип экземпляра АБИС Книга
980 ## - КОЛЛЕКЦИЯ
Название коллекции Национальная библиография
Экземпляры
Тип экземпляра Дата поступления Источник поступления Библиотека постоянного хранения Библиотека текущего хранения Место хранения Шифр хранения Штрих-код Статус не для выдачи
Книга 25.10.2000 Обязательный экземпляр РНБ (Московский) РНБ (Московский) Центральная справочная библиотека С К-2/8457 1-2953724  
Книга 25.10.2000 Обязательный экземпляр РНБ (Московский) РНБ (Московский) Центральная справочная библиотека С К-2/8457 1-2953725